How renumeration policies can impact on a labour market-an analysis from a Zimbabwean perspective / (Record no. 141160)

MARC details
000 -LEADER
fixed length control field 00739nam a2200217 a 4500
008 - FIXED-LENGTH DATA ELEMENTS--GENERAL INFORMATION
fixed length control field
049 ## - LOCAL HOLDINGS (OCLC)
Holding library MAIN
090 ## - LOCALLY ASSIGNED LC-TYPE CALL NUMBER (OCLC); LOCAL CALL NUMBER (RLIN)
Classification number (OCLC) (R) ; Classification number, CALL (RLIN) (NR) HF5549.5
Local cutter number (OCLC) ; Book number/undivided call number, CALL (RLIN) KAM
003 - CONTROL NUMBER IDENTIFIER
control field
005 - DATE AND TIME OF LATEST TRANSACTION
control field 20230123125421.0
040 ## - CATALOGING SOURCE
Transcribing agency NUST
100 1# - MAIN ENTRY--PERSONAL NAME
Personal name Kamujula, Godwin.
245 10 - TITLE STATEMENT
Title How renumeration policies can impact on a labour market-an analysis from a Zimbabwean perspective /
Statement of responsibility, etc. Godwin Kajumula.
260 ## - PUBLICATION, DISTRIBUTION, ETC.
Place of publication, distribution, etc. Bulawayo :
Name of publisher, distributor, etc. NUST,
Date of publication, distribution, etc. 2009.
300 ## - PHYSICAL DESCRIPTION
Extent viii, 66 p. :
Other physical details ill. ;
Dimensions 30 cm.
504 ## - BIBLIOGRAPHY, ETC. NOTE
Bibliography, etc. note Includes bibliographical references.
500 ## - GENERAL NOTE
General note Dissertation (Bsc)...NUST, 2009.
700 ## - ADDED ENTRY--PERSONAL NAME
Personal name NUST.
Numeration Dept. Of Business Management.
Title of a work Dissertation.
907 ## - LOCAL DATA ELEMENT G, LDG (RLIN)
a .b10311555
b 12-11-15
c 30-03-12
942 ## - ADDED ENTRY ELEMENTS (KOHA)
Koha item type Ordinary Loan Books
Call number prefix HF5549.5
Call number suffix KAM
Holdings
Date last seen Total Checkouts Full call number Barcode Cost, replacement price Price effective from Koha item type Lost status Source of classification or shelving scheme Damaged status Not for loan Collection Withdrawn status Home library Current library Shelving location Date acquired Cost, normal purchase price
01/23/2023   HF5549.5 KAJ 92004013122 80.00 01/23/2023 BOOKS   LCC     NFIC   MAIN MAIN GEN 01/23/2023 80.00